| 000 | 00535nam a2200181Ia 4500 | ||
|---|---|---|---|
| 008 | 090123s9999 xx 000 0 und d | ||
| 082 |
_b18646 _a891.463/गोर्जे |
||
| 100 | _aगोर्जे शिवराज | ||
| 245 | _aबुलंद | ||
| 250 | _a1 | ||
| 260 |
_bअंजली प्रकाशन _c1990 |
||
| 300 | _a230 | ||
| 600 | _aगोर्जे शिवराज | ||
| 630 | _aबुलंद | ||
| 700 | _aगोर्जे शिवराज | ||
| 730 | _aबुलंद | ||
| 942 | _cBOOK | ||
| 999 |
_c56709 _d56709 |
||